Çevirmek için tıklayın - İngilizce - Statistics

General Stats
  • This quiz has been taken 62 times
  • The average score is 18 of 20
Answer Stats
Hint Answer % Correct
Balık Fish
96%
Ev House
96%
Elma Apple
94%
Ekmek Bread
94%
Bilgisayar Computer
94%
At Horse
94%
Çarşamba Wednesday
94%
Sarı Yellow
94%
Tekne Boat
93%
Kitap Book
93%
Baş Head
93%
Kasaba Town
93%
Ağaç Tree
93%
Araba Car
91%
Hafta Week
91%
Bulut Cloud
89%
Mağaza Shop
89%
Çim Grass
87%
Nehir River
87%
Şarap Wine
87%
No matching quizzes found
Score Distribution
Percent of People with Each Score
Percentile by Number Answered
Your Score History
You have not taken this quiz